Risk and crisis management in the public sector / (Record no. 98793)

MARC details
000 -LEADER
fixed length control field 02898cam a2200433 i 4500
001 - CONTROL NUMBER
control field 23531896
003 - CONTROL NUMBER IDENTIFIER
control field URS
005 - DATE AND TIME OF LATEST TRANSACTION
control field 20260223164114.0
008 - FIXED-LENGTH DATA ELEMENTS--GENERAL INFORMATION
fixed length control field 240122s2024 enk b 001 0 eng
010 ## - LIBRARY OF CONGRESS CONTROL NUMBER
LC control number 2023058507
020 ## - INTERNATIONAL STANDARD BOOK NUMBER
International Standard Book Number 9781032434759
Qualifying information (hbk)
020 ## - INTERNATIONAL STANDARD BOOK NUMBER
International Standard Book Number 9781032434728
Qualifying information (pbk)
020 ## - INTERNATIONAL STANDARD BOOK NUMBER
Canceled/invalid ISBN 9781003367499
Qualifying information (ebk)
035 ## - SYSTEM CONTROL NUMBER
System control number 23531896
040 ## - CATALOGING SOURCE
Original cataloging agency DLC
Language of cataloging eng
Transcribing agency DLC
Modifying agency DLC
-- URS
Description conventions rda
042 ## - AUTHENTICATION CODE
Authentication code pcc
050 00 - LIBRARY OF CONGRESS CALL NUMBER
Classification number HD61
Item number R4943 2024
082 00 - DEWEY DECIMAL CLASSIFICATION NUMBER
Classification number 352.3/79
Edition number 23/eng/20240407
Item number R4943 2024
100 1# - MAIN ENTRY--PERSONAL NAME
Personal name Drennan, Lynn T.,
Dates associated with a name 1953-
Relator term author.
245 10 - TITLE STATEMENT
Title Risk and crisis management in the public sector /
Statement of responsibility, etc. Lynn T. Drennan, Adina Dudau, Allan McConnell, Alastair Stark.
250 ## - EDITION STATEMENT
Edition statement Third edition.
264 #1 - PRODUCTION, PUBLICATION, DISTRIBUTION, MANUFACTURE, AND COPYRIGHT NOTICE
Place of production, publication, distribution, manufacture Abingdon, Oxon ;
-- New York, NY :
Name of producer, publisher, distributor, manufacturer Routledge, Taylor & Francis Group
Date of production, publication, distribution, manufacture, or copyright notice 2024.
300 ## - PHYSICAL DESCRIPTION
Extent xxi, 270 pages ;
Dimensions 24 cm.
336 ## - CONTENT TYPE
Content type term text
Content type code txt
Source rdacontent
337 ## - MEDIA TYPE
Media type term unmediated
Media type code n
Source rdamedia
338 ## - CARRIER TYPE
Carrier type term volume
Carrier type code nc
Source rdacarrier
490 0# - SERIES STATEMENT
Series statement Masters in public management
504 ## - BIBLIOGRAPHY, ETC. NOTE
Bibliography, etc. note Includes bibliographical references and index.
520 ## - SUMMARY, ETC.
Summary, etc. "Risk and Crisis Management in the Public Sector 3rd edition is a guide for public managers and public management students which combines practical and scholarly knowledge about risk and crisis management together in a single accessible text. In the uncertainty of the twenty-first century, public managers need to know how to identify risks and plan for crises, how to respond to uncertain events and emergencies, and how to develop resilience . This book provides this fundamental knowledge with reference to a range of contemporary cases including Covid-19, the war in Ukraine and global cyber-crime crises. It also explores the international, trans-boundary and multi-agency dimensions of risk and crisis management. This fully updated new edition explores the cutting edge of risk and crisis management scholarship, provides an extensive series of tools and practical guidance for public managers who deal with uncertainty and draws on a wealth of classic and contemporary case studies. This content equips readers and public managers with the knowledge and skills to understand key issues and debates, as well as the capacity to treat risks and better prepare for, respond to and recover from crisis episodes. This book is essential reading for students studying public management, risk management and crisis management as well as professionals in the public management sector"--
Assigning source Provided by publisher.
650 #0 - SUBJECT ADDED ENTRY--TOPICAL TERM
Topical term or geographic name entry element Risk management.
650 #0 - SUBJECT ADDED ENTRY--TOPICAL TERM
Topical term or geographic name entry element Crisis management.
650 #0 - SUBJECT ADDED ENTRY--TOPICAL TERM
Topical term or geographic name entry element Policy sciences.
700 ## - ADDED ENTRY--PERSONAL NAME
Personal name Dudau, Adina.,
Relator term author.
700 ## - ADDED ENTRY--PERSONAL NAME
Personal name Mcconnell, Allan.,
Relator term author.
700 ## - ADDED ENTRY--PERSONAL NAME
Personal name Stark, Alastair.,
Relator term author.
906 ## - LOCAL DATA ELEMENT F, LDF (RLIN)
a 7
b cbc
c orignew
d 1
e ecip
f 20
g y-gencatlg
942 ## - ADDED ENTRY ELEMENTS (KOHA)
Source of classification or shelving scheme Dewey Decimal Classification
Koha item type Foreign Books
Holdings
Withdrawn status Source of classification or shelving scheme Damaged status Not for loan Home library Current library Shelving location Date acquired Total Checkouts Full call number Barcode Date last seen Price effective from Koha item type
  Dewey Decimal Classification     Pililla College Library Pililla College Library Foreign Section 02/11/2026   352.3/79 R4943 2024 URSPIL-7503 02/11/2026 02/11/2026 Foreign Books

University of Rizal System
Email us at univlibservices@urs.edu.ph

Visit our Website www.urs.edu.ph/library